<?xml version="1.0" encoding="UTF-8"?>
<record
    xmlns:xsi="http://www.w3.org/2001/XMLSchema-instance"
    xsi:schemaLocation="http://www.loc.gov/MARC21/slim http://www.loc.gov/standards/marcxml/schema/MARC21slim.xsd"
    xmlns="http://www.loc.gov/MARC21/slim">

  <leader>01468nam a2200337 u 4500</leader>
  <controlfield tag="001">18585</controlfield>
  <controlfield tag="005">20260506071545.0</controlfield>
  <controlfield tag="008">960313nuuuuuuuu                    spa  </controlfield>
  <datafield tag="035" ind1=" " ind2=" ">
    <subfield code="a">18585</subfield>
  </datafield>
  <datafield tag="040" ind1=" " ind2=" ">
    <subfield code="c">comduadb</subfield>
  </datafield>
  <datafield tag="041" ind1=" " ind2=" ">
    <subfield code="a">spa</subfield>
  </datafield>
  <datafield tag="082" ind1=" " ind2="4">
    <subfield code="a">970</subfield>
  </datafield>
  <datafield tag="100" ind1="1" ind2="0">
    <subfield code="a">Arciniegas, Germ&#xE1;n,</subfield>
    <subfield code="d">1900-1999</subfield>
    <subfield code="4">aut</subfield>
    <subfield code="0">(isni)0000 0001 2281 0926</subfield>
    <subfield code="0">(viaf)66462822</subfield>
    <subfield code="e">aut</subfield>
    <subfield code="9">804035</subfield>
  </datafield>
  <datafield tag="245" ind1="1" ind2="0">
    <subfield code="a">Historiadores de indias</subfield>
  </datafield>
  <datafield tag="250" ind1=" " ind2=" ">
    <subfield code="a">1. edici&#xF3;n</subfield>
  </datafield>
  <datafield tag="260" ind1=" " ind2=" ">
    <subfield code="a">Estados Unidos :</subfield>
    <subfield code="b">W. M. Jackson,</subfield>
    <subfield code="c">1963.</subfield>
  </datafield>
  <datafield tag="300" ind1=" " ind2=" ">
    <subfield code="a">xx, 444 p&#xE1;ginas</subfield>
  </datafield>
  <datafield tag="490" ind1="0" ind2=" ">
    <subfield code="a">Los Cl&#xE1;sicos W. M. Jackson</subfield>
  </datafield>
  <datafield tag="500" ind1=" " ind2=" ">
    <subfield code="a">GENERAL : Quinta reimpresi&#xF3;n 1973.</subfield>
  </datafield>
  <datafield tag="505" ind1=" " ind2=" ">
    <subfield code="a">CONTENIDO : Crist&#xF3;bal Col&#xF3;n. -- Fern&#xE1;ndez de Oviedo. -- Fray Bartolom&#xE9; de las Casas. -- Inca Garcilaso de la Vega. -- Antonio de Sol&#xED;s. -- Bernal D&#xED;az del Castillo. -- Fray Pedro Aguado. -- Antonio de Herrera. -- Pero Hern&#xE1;ndez. -- Fray Pedro Sim&#xF3;n. .</subfield>
  </datafield>
  <datafield tag="650" ind1=" " ind2=" ">
    <subfield code="a">Historiadores espa&#xF1;oles</subfield>
    <subfield code="9">40757</subfield>
  </datafield>
  <datafield tag="650" ind1=" " ind2=" ">
    <subfield code="a">Historiadores peruanos</subfield>
    <subfield code="9">95325</subfield>
  </datafield>
  <datafield tag="650" ind1=" " ind2=" ">
    <subfield code="a">Descripciones y viajes</subfield>
    <subfield code="9">13504</subfield>
  </datafield>
  <datafield tag="650" ind1=" " ind2=" ">
    <subfield code="a">Navegantes italianos</subfield>
    <subfield code="9">220405</subfield>
  </datafield>
  <datafield tag="651" ind1=" " ind2="7">
    <subfield code="a">Am&#xE9;rica Latina</subfield>
    <subfield code="x">Historia</subfield>
    <subfield code="2">lemb</subfield>
    <subfield code="9">854421</subfield>
  </datafield>
  <datafield tag="700" ind1="1" ind2="0">
    <subfield code="a">Reyes Ochoa, Alfonso,</subfield>
    <subfield code="d">1889-1959</subfield>
    <subfield code="4">aut</subfield>
    <subfield code="0">(isni)0000000121258965</subfield>
    <subfield code="0">(viaf)29555218</subfield>
    <subfield code="e">aut</subfield>
    <subfield code="9">671927</subfield>
  </datafield>
  <datafield tag="700" ind1="1" ind2="0">
    <subfield code="a">Romero, Francisco,</subfield>
    <subfield code="d">1891-1962</subfield>
    <subfield code="4">aut</subfield>
    <subfield code="0">(isni)0000 0000 8088 5523</subfield>
    <subfield code="0">(viaf)9865505</subfield>
    <subfield code="e">aut</subfield>
    <subfield code="9">475603</subfield>
  </datafield>
  <datafield tag="700" ind1="1" ind2="0">
    <subfield code="a">On&#xED;s, Federico de</subfield>
    <subfield code="4">aut</subfield>
    <subfield code="e">aut</subfield>
    <subfield code="9">392121</subfield>
  </datafield>
  <datafield tag="700" ind1="1" ind2="0">
    <subfield code="a">Baeza Dur&#xE1;n, Ricardo</subfield>
    <subfield code="4">aut</subfield>
    <subfield code="e">aut</subfield>
    <subfield code="9">754759</subfield>
  </datafield>
  <datafield tag="942" ind1=" " ind2=" ">
    <subfield code="c">BOOK</subfield>
  </datafield>
  <datafield tag="999" ind1=" " ind2=" ">
    <subfield code="c">57600</subfield>
    <subfield code="d">57600</subfield>
  </datafield>
  <datafield tag="952" ind1=" " ind2=" ">
    <subfield code="0">0</subfield>
    <subfield code="1">0</subfield>
    <subfield code="4">0</subfield>
    <subfield code="7">0</subfield>
    <subfield code="8">GEN</subfield>
    <subfield code="a">BC</subfield>
    <subfield code="b">BC</subfield>
    <subfield code="d">1998-05-07</subfield>
    <subfield code="i">C24372</subfield>
    <subfield code="l">0</subfield>
    <subfield code="o">970 H673 e2</subfield>
    <subfield code="p">61000002650931</subfield>
    <subfield code="r">2023-04-21 00:00:00</subfield>
    <subfield code="t">1</subfield>
    <subfield code="w">2023-04-21</subfield>
    <subfield code="y">BOOKI</subfield>
  </datafield>
  <datafield tag="952" ind1=" " ind2=" ">
    <subfield code="0">0</subfield>
    <subfield code="1">0</subfield>
    <subfield code="4">0</subfield>
    <subfield code="7">0</subfield>
    <subfield code="8">GEN</subfield>
    <subfield code="a">BC</subfield>
    <subfield code="b">BC</subfield>
    <subfield code="d">2016-04-22</subfield>
    <subfield code="e">Material adquirido por donaci&#xF3;n</subfield>
    <subfield code="g">52000.00</subfield>
    <subfield code="i">C1243354</subfield>
    <subfield code="l">0</subfield>
    <subfield code="o">970 H673</subfield>
    <subfield code="p">1045771</subfield>
    <subfield code="r">2024-05-15 00:00:00</subfield>
    <subfield code="t">2</subfield>
    <subfield code="w">2023-04-21</subfield>
    <subfield code="y">BOOK</subfield>
  </datafield>
</record>
